গোলাপের রঙ / (Record no. 259)
[ view plain ]
| 000 -LEADER | |
|---|---|
| fixed length control field | 00703nam a2200229 a 4500 |
| 001 - CONTROL NUMBER | |
| JCCL Control Number | 259 |
| 003 - CONTROL NUMBER IDENTIFIER | |
| JCCL marc code | BD-JhCC |
| 005 - DATE AND TIME OF LATEST TRANSACTION | |
| control field | 20171003124437.0 |
| 008 - FIXED-LENGTH DATA ELEMENTS--GENERAL INFORMATION | |
| fixed length control field | 171003s2015 b |||| |||| 000 0 ben d |
| 020 ## - INTERNATIONAL STANDARD BOOK NUMBER | |
| International Standard Book Number | 9789849148654 |
| 035 ## - SYSTEM CONTROL NUMBER | |
| system control number | (BD-JhCC)259 |
| 040 ## - CATALOGING SOURCE | |
| Original cataloging agency | BD-JhCC |
| Modifying agency | BD-JhCC |
| 041 ## - LANGUAGE CODE | |
| Language code of Book | ben |
| 082 ## - DEWEY DECIMAL CLASSIFICATION NUMBER | |
| DDC Edition number | 23 |
| Classification number | 891.4435 |
| Author mark and Year | ISL 2015 |
| 100 ## - MAIN ENTRY--PERSONAL NAME | |
| Personal name | ইসলাম, সাইদুল |
| 245 ## - TITLE STATEMENT | |
| Title | গোলাপের রঙ / |
| Statement of responsibility, etc | সাইদুল ইসলাম |
| 260 ## - PUBLICATION, DISTRIBUTION, ETC. (IMPRINT) | |
| Place of publication, distribution, etc | ঢাকা : |
| Name of publisher, distributor, etc | প্রকৃতি, |
| Date of publication, distribution, etc | ২০১৫ |
| 300 ## - PHYSICAL DESCRIPTION | |
| Pagination | ৭৬ পৃ. : |
| Dimensions | ২২ সে. মি. |
| 650 ## - SUBJECT ADDED ENTRY--TOPICAL TERM | |
| Topical term or geographic name as entry element | Short stories, Bengali |
| 942 ## - ADDED ENTRY ELEMENTS (KOHA) | |
| Source of classification or shelving scheme | Dewey Decimal Classification |
| Koha item type | Books |
| Source of classification or shelving scheme | Damaged status | Not for loan | Home library | Current library | Shelving location | Date of accession | Cost, normal purchase price | Full call number | Barcode | Date last seen | Copy number | Method of acquisition | Koha item type | Currency | Total Checkouts | Date checked out |
|---|---|---|---|---|---|---|---|---|---|---|---|---|---|---|---|---|
| Dewey Decimal Classification | JCC Rouf Library | JCC Rouf Library | General Stacks | 10/03/2017 | 150.00 | 891.4435 ISL 2015 | 1502 | 10/03/2017 | C-1 | Gift/Donation | Books | |||||
| Dewey Decimal Classification | JCC Rouf Library | JCC Rouf Library | 10/14/2017 | 150.00 | 891.4435 ISL 2015 | 2074 | 10/14/2017 | C-2 | Books | |||||||
| Dewey Decimal Classification | JCC Rouf Library | JCC Rouf Library | 10/14/2017 | 150.00 | 891.4435 ISL 2015 | 2075 | 02/11/2025 | C-3 | Books | 1 | 01/19/2025 | |||||
| Dewey Decimal Classification | JCC Rouf Library | JCC Rouf Library | 10/14/2017 | 150.00 | 891.4435 ISL 2015 | 2076 | 10/14/2017 | C-4 | Books | |||||||
| Dewey Decimal Classification | JCC Rouf Library | JCC Rouf Library | General Stacks | 10/16/2017 | 150.00 | 891.4435 ISL 2015 | 2128 | 06/22/2025 | C-5 | Books | 1 | 06/15/2025 |